Instant brainpower (Record no. 62414)
[ view plain ]
| 000 -LEADER | |
|---|---|
| fixed length control field | 00513nam a22001937a 4500 |
| 003 - CONTROL NUMBER IDENTIFIER | |
| control field | NUST - PNEC |
| 005 - DATE AND TIME OF LATEST TRANSACTION | |
| control field | 20170116180747.0 |
| 008 - FIXED-LENGTH DATA ELEMENTS--GENERAL INFORMATION | |
| fixed length control field | 150221b xxu||||| |||| 00| 0 eng d |
| 020 ## - INTERNATIONAL STANDARD BOOK NUMBER | |
| International Standard Book Number | 8175541156 |
| 040 ## - CATALOGING SOURCE | |
| Transcribing agency | LIBRARY |
| 082 ## - DEWEY DECIMAL CLASSIFICATION NUMBER | |
| Edition number | 153 CLE |
| 100 ## - MAIN ENTRY--PERSONAL NAME | |
| 9 (RLIN) | 1433 |
| Personal name | Clegg Brian |
| 245 ## - TITLE STATEMENT | |
| Title | Instant brainpower |
| Statement of responsibility, etc. | Clegg brian |
| 250 ## - EDITION STATEMENT | |
| Edition statement | South Asian edition |
| 260 ## - PUBLICATION, DISTRIBUTION, ETC. | |
| Place of publication, distribution, etc. | New Delhi |
| Name of publisher, distributor, etc. | Vinod Vasishtha |
| Date of publication, distribution, etc. | c 1999 |
| 300 ## - PHYSICAL DESCRIPTION | |
| Extent | 117 p . : |
| 650 ## - SUBJECT ADDED ENTRY--TOPICAL TERM | |
| 9 (RLIN) | 16674 |
| Topical term or geographic name entry element | Mental Processes |
| General subdivision | General Reading |
| 942 ## - ADDED ENTRY ELEMENTS (KOHA) | |
| Source of classification or shelving scheme | |
| Koha item type | Book |
| Withdrawn status | Lost status | Source of classification or shelving scheme | Damaged status | Not for loan | Permanent Location | Current Location | Shelving location | Date acquired | Source of acquisition | Cost, normal purchase price | Total Checkouts | Full call number | Barcode | Date last seen | Date last checked out | Cost, replacement price | Price effective from | Koha item type |
|---|---|---|---|---|---|---|---|---|---|---|---|---|---|---|---|---|---|---|
| Pakistan Navy Engineering College (PNEC) | Pakistan Navy Engineering College (PNEC) | 03/08/2002 | Vangaurd Books / NUST Recurring A/c | 320.00 | 1 | 153 CLE | PNECLIB-025646 | 02/16/2016 | 01/15/2016 | 320.00 | 03/08/2002 | Book |
